Asian communication handbook/. (Record no. 39302)
[ view plain ]
| 000 -LEADER | |
|---|---|
| fixed length control field | 00364nam a2200133 a 4500 |
| 005 - DATE AND TIME OF LATEST TRANSACTION | |
| control field | 20140311163005.0 |
| 008 - FIXED-LENGTH DATA ELEMENTS--GENERAL INFORMATION | |
| fixed length control field | 041028s19uu xx 00 eng d |
| 050 ## - LIBRARY OF CONGRESS CALL NUMBER | |
| Classification number | P 92.A7 |
| Item number | .As73 1993 |
| 245 ## - TITLE STATEMENT | |
| Title | Asian communication handbook/. |
| 300 ## - PHYSICAL DESCRIPTION | |
| Extent | 524 p. : |
| Dimensions | 26 cm. |
| 650 ## - SUBJECT ADDED ENTRY--TOPICAL TERM | |
| Topical term or geographic name as entry element | Mass media |
| General subdivision | Asia |
| -- | Handbooks,manuals, etc. |
| 942 ## - ADDED ENTRY ELEMENTS (KOHA) | |
| Koha item type | Books |
| Source of classification or shelving scheme | Library of Congress Classification |
| Call number prefix | Foreign |
| Withdrawn status | Lost status | Source of classification or shelving scheme | Damaged status | Home library | Current library | Shelving location | Date acquired | Total Checkouts | Full call number | Barcode | Date last seen | Copy number | Price effective from | Koha item type |
|---|---|---|---|---|---|---|---|---|---|---|---|---|---|---|
| Library of Congress Classification | College Library | College Library | General Circulation Section | 10/28/2004 | P 92.A7 .As73 1993 | C4923 | 05/15/2018 | 1 | 02/19/2014 | Books |